Die Farben auf Französisch - Statistiken

Allgemein
  • Dieses Quiz wurde 387 mal gespielt
  • Das Durchschnittsergebnis liegt bei 10 aus 12
Antwortstatistiken
Deutsch Antwort % Korrekt
blau bleu
95%
weiß blanc
94%
rot rouge
94%
orange orange
93%
schwarz noir
89%
beige beige
85%
grün vert
82%
rosa rose
79%
violett violet
75%
grau gris
65%
gelb jaune
61%
braun marron
56%
Keine übereinstimmenden Quizze gefunden
Verteilung der Resultate
Anzahl Personen mit jedem Resultat
Perzentil nach korrekt beantworteten Fragen
Ihre Resultats-Entwicklung
Sie haben dieses Quiz noch nicht gespielt